Minimalizácia tvorby odpadov a spotreby energie vo výrobe priemyselných hnojív

Podrobná bibliografia
Hlavní autori: Kachaňák, Štefan, 1927-2017 (Autor), Kachaňáková, Edita (Autor)
Médium: Článok
Jazyk:slovenčina
Fyzický popis:Lit. 2 zázn. v češ.
Predmet:

MARC

LEADER 00000nab a2200000 a 4500
001 vtls000196656
003 SK-MaSNL
005 20260302205141.0
008 111103c1984 xo 0 slo
015 |a SNBRA19rr/mm-uuuuu 
035 |a CL0206769 
040 |a SNKBUCL  |b slo  |c SNKBUCL  |e AACR2 
041 0 |a slo 
044 |a xo  |c SK 
080 |a 631.879.3  |2 1981 
100 1 |a Kachaňák, Štefan,  |d 1927-2017  |4 aut  |9 212933 
245 1 0 |a Minimalizácia tvorby odpadov a spotreby energie vo výrobe priemyselných hnojív  |c Štefan Kachaňák, Edita Kachaňáková 
300 |b Lit. 2 zázn. v češ. 
650 0 7 |a priemyselné hnojivá  |2 snkbucl  |9 70407 
650 0 7 |a priemyselný odpad  |2 snkbucl  |9 29393 
655 7 |a články zo zborníkov  |2 snkbucl  |9 166140 
700 1 |a Kachaňáková, Edita  |4 aut  |9 930598 
773 0 |t Bezodpadové technológie a zhodnocovanie odpadov v národnom hospodárstve  |d Bratislava : Dom techniky ČSVTS, 1984 
850 |a Slovenská národná knižnica v Martine  |a MTA001 
852 |a SNK  |b KIS3GCP 
958 |a RK 
992 |a RZB 
999 |c 1476540  |d 1478470